|
|
|
|
| LEADER |
00000cam a2200000 a 4500 |
| 001 |
vtls008631223 |
| 003 |
SK-MaSNL |
| 005 |
20260301094820.0 |
| 008 |
240315s2005 xr o f 001 0 cze |
| 020 |
|
|
|a 8072097202
|q (viaz.)
|
| 040 |
|
|
|a SNK
|b slo
|c SNK
|e AACR2
|
| 041 |
1 |
|
|a cze
|h eng
|
| 044 |
|
|
|a xr
|c CZ
|
| 072 |
|
7 |
|a 674
|x Drevo. Drevársky priemysel
|2 konspekt
|
| 080 |
|
|
|a 674.03
|2 2001
|
| 080 |
|
|
|a 630.81
|2 2001
|
| 080 |
|
|
|a 674.038.1
|2 2001
|
| 080 |
|
|
|a (048.8)
|2 2001
|
| 100 |
1 |
|
|a Gibbs, Nick
|4 aut
|9 429183
|
| 240 |
1 |
4 |
|a The wood handbook
|l Česky
|
| 245 |
1 |
0 |
|a Dřevo
|b obrazový přehled více než 100 druhů dřev včetně jejich využití
|c Nick Gibbs ; [z anglického originálu ... přeložila Jiřina Stárková]
|
| 260 |
|
|
|a V Praze
|b Slovart
|c 2005
|
| 300 |
|
|
|a 256 s.
|b fareb. ilustr.
|c 21 cm
|
| 650 |
0 |
7 |
|a drevo
|2 SNKPH
|9 3560
|
| 650 |
0 |
7 |
|a štruktúra
|2 SNKPH
|9 429184
|
| 650 |
0 |
7 |
|a vlastnosti dreva
|2 SNKPH
|9 66626
|
| 655 |
|
7 |
|a prehľady
|2 SNKPH
|9 70194
|
| 700 |
1 |
|
|a Stárková, Jiřina
|4 trl
|9 326201
|
| 919 |
|
|
|a 80-7209-720-2
|
| 999 |
|
|
|c 681384
|d 683314
|
| 952 |
|
|
|t snkGIB 674.03
|a SNKUST
|b SNKUST
|y PREZ
|7 0
|p 17A0474694
|o snkIC 133228
|i snk2006/7400
|8 3
|g 19.88
|0 0
|1 0
|4 0
|d 2006-04-10
|l 0
|r 2025-03-20 00:00:00
|w 2026-02-23
|